[Event "Reykjavik op"]
[Site "Reykjavik"]
[Date "2025.04.12"]
[Round "5"]
[White "Raghu Ram, Reddy Seelam"]
[Black "Pattnayak, Nilsu"]
[Result "0-1"]
[WhiteElo "1984"]
[BlackElo "2146"]
[PlyCount "126"]
[EventDate "2025.04.09"]
[EventType "swiss"]
[EventRounds "9"]
[EventCountry "ISL"]
[SourceTitle "CB17_2025"]
[SourceDate "2025.04.23"]
[SourceVersion "1"]
[SourceVersionDate "2025.04.23"]
[SourceQuality "1"]

1. e4 d6 2. d4 Nf6 3. Nc3 e5 4. dxe5 dxe5 5. Qxd8+ Kxd8 6. Nf3 Bd6 7. h3 c6 8. Be3 Ke7 9. Bd3 Be6 10. Ng5 Nbd7 11. Nxe6 fxe6 12. 0-0-0 Bc5 13. Rhe1 b5 14. Nb1 Rhd8 15. Nd2 Bxe3 16. Rxe3 Nf8 17. Be2 a6 18. Rd3 Rxd3 19. Bxd3 c5 20. b3 Ne8 21. c3 Nd6 22. f3 Ng6 23. g3 Kd7 24. Nf1 Kc6 25. Ne3 Rf8 26. Rf1 Kc7 27. Kd2 Ne8 28. Ke2 Nf6 29. Rd1 Ne8 30. Re1 Nd6 31. Ra1 Ne7 32. a4 Nc6 33. Rb1 Kb6 34. axb5 axb5 35. Nc2 Ra8 36. Kd2 Ra2 37. Kc1 b4 38. cxb4 Nxb4 39. Nxb4 cxb4 40. Rb2 Rxb2 41. Kxb2 Kc5 42. Kc2 Kd4 43. Kd2 Nb7 44. Bc2 g5 45. Bd1 Nc5 46. Bc2 Nd7 47. Bd3 Nf6 48. g4 Nd7 49. Bb1 Nf8 50. Bd3 Ng6 51. Bf1 Nf4 52. Bc4 Nxh3 53. Bxe6 Ng1 54. Bf5 h6 55. Bg6 Nxf3+ 56. Ke2 Nh4 57. Bf5 Kc3 58. Be6 Ng2 59. Bc4 Nf4+ 60. Ke3 Ng6 61. Be6 Ne7 62. Bd5 Nc8 63. Bf7 Nd6 0-1

[Event "Reykjavik op"]
[Site "Reykjavik"]
[Date "2025.04.09"]
[Round "1"]
[White "Muradli, Mahammad"]
[Black "Pattnayak, Nilsu"]
[Result "1-0"]
[WhiteElo "2588"]
[BlackElo "2146"]
[PlyCount "85"]
[EventDate "2025.04.09"]
[EventType "swiss"]
[EventRounds "9"]
[EventCountry "ISL"]
[SourceTitle "CB17_2025"]
[SourceDate "2025.04.23"]
[SourceVersion "1"]
[SourceVersionDate "2025.04.23"]
[SourceQuality "1"]

1. d4 Nf6 2. c4 e6 3. Nf3 d5 4. g3 Be7 5. Bg2 0-0 6. Nc3 dxc4 7. Ne5 Nc6 8. Bxc6 bxc6 9. Nxc6 Qd6 10. Nxe7+ Qxe7 11. Qa4 c5 12. dxc5 Qxc5 13. Be3 Qc7 14. 0-0-0 Ng4 15. Rd4 Nxe3 16. fxe3 Rb8 17. Rhd1 Qb6 18. R1d2 e5 19. Nd5 c3 20. Nxb6 exd4 21. Rc2 axb6 22. exd4 cxb2+ 23. Rxb2 b5 24. Qb3 Bf5 25. d5 Rfc8+ 26. Kd1 Rc5 27. Qf3 Rd8 28. Qxf5 Rcxd5+ 29. Qxd5 Rxd5+ 30. Rd2 Rxd2+ 31. Kxd2 Kf8 32. Kc3 Ke7 33. Kb4 Kd6 34. Kxb5 Kc7 35. Kc5 h5 36. e4 g5 37. Kd5 h4 38. Ke5 hxg3 39. hxg3 Kd7 40. Kf6 Kd6 41. e5+ Kd5 42. a4 g4 43. a5 1-0

[Event "IND-chT 44th"]
[Site "Ahmedabad"]
[Date "2025.03.08"]
[Round "6.4"]
[White "Pattnayak, Nilsu"]
[Black "Makwana, Devam"]
[Result "1-0"]
[WhiteElo "2115"]
[BlackElo "1817"]
[PlyCount "91"]
[EventDate "2025.03.05"]
[EventType "team-swiss"]
[EventRounds "9"]
[EventCountry "IND"]
[SourceTitle "CB12_2025"]
[SourceDate "2025.03.19"]
[SourceVersion "1"]
[SourceVersionDate "2025.03.19"]
[SourceQuality "1"]
[WhiteTeam "Odisha II"]
[BlackTeam "Gujarat"]
[WhiteTeamCountry "IND"]
[BlackTeamCountry "IND"]

1. e4 c5 2. Nf3 a6 3. c4 d6 4. d4 cxd4 5. Nxd4 Nf6 6. Nc3 Nc6 7. Be2 e6 8. 0-0 Be7 9. Be3 0-0 10. Rc1 Bd7 11. Nb3 Na5 12. Nd2 Rc8 13. f4 Nc6 14. Qe1 d5 15. e5 d4 16. exf6 Bxf6 17. Bf2 dxc3 18. bxc3 Na5 19. Ne4 Nxc4 20. Nxf6+ Qxf6 21. Bd4 Qf5 22. Rf3 Nd6 23. Bd3 Qd5 24. Rh3 Nf5 25. Be4 Qa5 26. g4 e5 27. fxe5 Nh6 28. Rh5 Qd8 29. Qg3 Bc6 30. Bxc6 Rxc6 31. Rf1 Nxg4 32. h3 Nh6 33. e6 f6 34. Rxh6 Rxe6 35. Rh4 Qd5 36. Rg4 g6 37. Qg2 Qh5 38. Rgf4 Qb5 39. Rxf6 Rfxf6 40. Rxf6 Re2 41. Rf2 Re1+ 42. Kh2 Qd7 43. Qf3 Qe7 44. Qd5+ Qe6 45. Qd8+ Qe8 46. Qf6 1-0

[Event "Krakow op-A 35th"]
[Site "Krakow"]
[Date "2024.12.30"]
[Round "4"]
[White "Karsten, Jan"]
[Black "Pattnayak, Nilsu"]
[Result "1-0"]
[WhiteElo "2326"]
[BlackElo "2161"]
[PlyCount "135"]
[EventDate "2024.12.27"]
[EventType "swiss"]
[EventRounds "9"]
[EventCountry "POL"]
[SourceTitle "CB02_2025"]
[SourceDate "2025.01.08"]
[SourceVersion "1"]
[SourceVersionDate "2025.01.08"]
[SourceQuality "1"]

1. e4 e5 2. Nf3 Nf6 3. Nxe5 d6 4. Nc4 Nxe4 5. Qe2 Qe7 6. Ne3 c6 7. Nc3 Na6 8. g3 d5 9. Nxe4 Qxe4 10. Bg2 Qe6 11. d4 Bd6 12. 0-0 0-0 13. Bd2 Nc7 14. Rae1 Bd7 15. c4 Qg6 16. c5 Be7 17. f4 Rfe8 18. f5 Qf6 19. Qd3 Nb5 20. Nc2 Bf8 21. g4 Rxe1 22. Rxe1 Re8 23. Rxe8 Bxe8 24. a4 Nc7 25. Bf4 Qd8 26. Qg3 Na8 27. Qe1 Bd7 28. Qe5 b6 29. b4 a5 30. bxa5 bxc5 31. a6 Qa5 32. Qb8 Qxa6 33. Bd6 Qc8 34. Qxc8 Bxc8 35. Bxc5 Bxc5 36. dxc5 Kf8 37. Kf2 Ke7 38. Ke3 Kd7 39. Bf1 Nc7 40. Nb4 Ne8 41. g5 Kc7 42. Kf4 f6 43. h4 Kd7 44. Bd3 Kc7 45. Bc2 Bd7 46. a5 Kb7 47. a6+ Ka7 48. Ba4 Nc7 49. Bxc6 Bxc6 50. Nxc6+ Kxa6 51. Nd4 Ne8 52. g6 hxg6 53. fxg6 Ka5 54. Ne6 Kb5 55. Ke3 Kc4 56. c6 d4+ 57. Kd2 Nd6 58. c7 f5 59. Nxg7 f4 60. Nf5 Ne4+ 61. Kc1 Kd3 62. c8Q Nc3 63. Nxd4 Kxd4 64. Qxc3+ Kxc3 65. g7 f3 66. g8Q Kd3 67. Kd1 f2 68. Qg3+ 1-0

[Event "Krakow op-A 35th"]
[Site "Krakow"]
[Date "2024.12.28"]
[Round "2"]
[White "Suder, Jakub"]
[Black "Pattnayak, Nilsu"]
[Result "1/2-1/2"]
[WhiteElo "2342"]
[BlackElo "2161"]
[PlyCount "29"]
[EventDate "2024.12.27"]
[EventType "swiss"]
[EventRounds "9"]
[EventCountry "POL"]
[SourceTitle "CB02_2025"]
[SourceDate "2025.01.08"]
[SourceVersion "1"]
[SourceVersionDate "2025.01.08"]
[SourceQuality "1"]

1. e4 e5 2. Nf3 Nf6 3. Nc3 Nc6 4. d4 exd4 5. Nxd4 Bb4 6. Nxc6 bxc6 7. Bd3 d5 8. Bd2 Bxc3 9. Bxc3 dxe4 10. Bxf6 Qxf6 11. Bxe4 Ba6 12. Bd3 Bxd3 13. Qxd3 0-0 14. 0-0 Qxb2 15. Qb3 1/2-1/2

[Event "Krakow op-A 35th"]
[Site "Krakow"]
[Date "2024.12.27"]
[Round "1"]
[White "Pattnayak, Nilsu"]
[Black "Hulka, Valentyn"]
[Result "1-0"]
[WhiteElo "2161"]
[BlackElo "2311"]
[PlyCount "141"]
[EventDate "2024.12.27"]
[EventType "swiss"]
[EventRounds "9"]
[EventCountry "POL"]
[SourceTitle "CB02_2025"]
[SourceDate "2025.01.08"]
[SourceVersion "1"]
[SourceVersionDate "2025.01.08"]
[SourceQuality "1"]

1. e4 c5 2. Nf3 Nc6 3. Bb5 g6 4. 0-0 Bg7 5. Bxc6 bxc6 6. c3 d6 7. h3 Nf6 8. Re1 0-0 9. d4 cxd4 10. cxd4 Qc7 11. Nc3 c5 12. e5 dxe5 13. dxe5 Rd8 14. Qe2 Nd5 15. Nxd5 Rxd5 16. Bd2 Bf5 17. Bc3 Rad8 18. Rad1 Qd7 19. Rxd5 Qxd5 20. a3 h6 21. Qe3 Qc6 22. Nh4 Be6 23. f4 Qb5 24. Qf2 Qc4 25. f5 gxf5 26. Nxf5 Bxf5 27. Qxf5 e6 28. Qf3 Qd3 29. Qf4 a6 30. Re3 Qd1+ 31. Re1 Qd3 32. Rf1 Qg6 33. Qa4 Qd3 34. Qg4 Qg6 35. Qe2 Rd3 36. Kh1 Qg3 37. Qe4 Rd5 38. Qa4 Rd8 39. Rf3 Qg5 40. Qe4 Rd5 41. Re3 Qf5 42. Qxf5 exf5 43. e6 fxe6 44. Rxe6 Bxc3 45. bxc3 Kg7 46. Rc6 f4 47. Kg1 a5 48. a4 Rd1+ 49. Kf2 Ra1 50. Rxc5 Rxa4 51. Kf3 Ra2 52. Kxf4 a4 53. Rc7+ Kg6 54. Rc6+ Kg7 55. g4 Rh2 56. Ra6 Rxh3 57. c4 a3 58. Ke5 Re3+ 59. Kd5 Rd3+ 60. Ke5 Re3+ 61. Kd5 Rd3+ 62. Kc5 Rg3 63. Kb5 Rxg4 64. Rxa3 h5 65. c5 h4 66. c6 Kh6 67. Ra4 Rg5+ 68. Kb6 Kh5 69. Ra5 h3 70. c7 Rxa5 71. Kxa5 1-0

[Event "Abu Dhabi op-A 30th"]
[Site "Abu Dhabi"]
[Date "2024.08.23"]
[Round "8"]
[White "Smirnov, Mark1"]
[Black "Pattnayak, Nilsu"]
[Result "1/2-1/2"]
[WhiteElo "2315"]
[BlackElo "2154"]
[PlyCount "146"]
[EventDate "2024.08.15"]
[EventType "swiss"]
[EventRounds "9"]
[EventCountry "UAE"]
[SourceTitle "EXT 2025"]
[Source "ChessBase"]
[SourceDate "2024.10.14"]
[SourceVersion "1"]
[SourceVersionDate "2024.10.14"]
[SourceQuality "1"]

1. e4 e5 2. Nf3 Nf6 3. Nxe5 d6 4. Nf3 Nxe4 5. Bd3 Nf6 6. 0-0 Be7 7. h3 0-0 8. c3 Nbd7 9. Bc2 Re8 10. d4 d5 11. Bf4 Bd6 12. Bxd6 cxd6 13. Nbd2 Ne4 14. Re1 Ndf6 15. Bd3 Bf5 16. Qc2 Nxd2 17. Qxd2 Bxd3 18. Qxd3 Qd7 19. Rxe8+ Rxe8 20. Re1 Rxe1+ 21. Nxe1 g6 22. f3 Qa4 23. a3 Nd7 24. Qe2 Nb6 25. Nd3 Qb5 26. Kf2 a5 27. h4 Kf8 28. g4 a4 29. f4 f5 30. gxf5 gxf5 31. Qc2 Qe8 32. Qe2 Qe4 33. Qf3 Nc4 34. Nb4 Qxf3+ 35. Kxf3 Nxb2 36. Nxd5 Nc4 37. Ke2 b5 38. Ne3 Nxa3 39. Kd3 Kf7 40. h5 Ke6 41. d5+ Kf6 42. Kd4 Nb1 43. Nc2 a3 44. c4 a2 45. c5 Na3 46. Na1 Ke7 47. c6 b4 48. Kd3 Kd8 49. h6 Kc7 50. Kd2 Kb6 51. Kd3 Nb5 52. Nb3 Nc3 53. Kc4 Ne2 54. Kxb4 Nxf4 55. Ka3 Nxd5 56. Kxa2 f4 57. Nd2 Kxc6 58. Kb3 Ne3 59. Nf3 Nf5 60. Kc3 Nxh6 61. Kd4 Nf7 62. Ke4 Kc5 63. Kxf4 d5 64. Kf5 Kc4 65. Kf6 Nd6 66. Kg7 Kd3 67. Kxh7 Ke3 68. Ne1 Nb5 69. Nc2+ Ke2 70. Kg6 Nd6 71. Kf6 Nc4 72. Ke6 Ne3 73. Nxe3 Kxe3 1/2-1/2

[Event "Bangalore op-A 1st"]
[Site "Bangalore"]
[Date "2024.01.19"]
[Round "3"]
[White "Pattnayak, Nilsu"]
[Black "Gonzales, Jayson"]
[Result "1-0"]
[WhiteElo "1987"]
[BlackElo "2367"]
[PlyCount "67"]
[EventDate "2024.01.18"]
[EventType "swiss"]
[EventRounds "10"]
[EventCountry "IND"]
[SourceTitle "CBM 218 Extra"]
[Source "ChessBase"]
[SourceDate "2024.03.31"]
[SourceVersion "1"]
[SourceVersionDate "2024.03.31"]
[SourceQuality "1"]

1. e4 g6 2. d4 Bg7 3. f4 d5 4. e5 f6 5. Nf3 Nh6 6. Bd3 Bg4 7. 0-0 0-0 8. Be3 c5 9. dxc5 fxe5 10. fxe5 Nf7 11. Nbd2 Nxe5 12. Be2 Nf7 13. h3 Bxf3 14. Nxf3 Nc6 15. c3 e6 16. Nd4 Qe7 17. Bg4 Ncd8 18. Qd2 h5 19. Be2 Nc6 20. Rae1 e5 21. Nf3 Rad8 22. Kh1 Kh7 23. b4 e4 24. Ng5+ Nxg5 25. Bxg5 Bf6 26. Bxf6 Rxf6 27. Rxf6 Qxf6 28. Rf1 Qe7 29. b5 Ne5 30. Qd4 Kh6 31. a4 Kh7 32. Rb1 Kh6 33. a5 Rc8 34. a6 1-0

[Event "Arandjelovac op 2nd"]
[Site "Arandjelovac"]
[Date "2023.08.04"]
[Round "7"]
[White "Pattnayak, Nilsu"]
[Black "Damljanovic, Branko"]
[Result "0-1"]
[WhiteElo "2020"]
[BlackElo "2408"]
[PlyCount "94"]
[EventDate "2023.07.31"]
[EventType "swiss"]
[EventRounds "9"]
[EventCountry "SRB"]
[SourceTitle "CBM 215 Extra"]
[Source "ChessBase"]
[SourceDate "2023.09.30"]
[SourceVersion "1"]
[SourceVersionDate "2023.09.30"]
[SourceQuality "1"]

1. e4 c5 2. Nf3 Nc6 3. Bb5 g6 4. 0-0 Bg7 5. Bxc6 bxc6 6. d3 Nh6 7. Nc3 f6 8. Be3 d6 9. h3 0-0 10. Qd2 Nf7 11. Nh2 Rb8 12. Rab1 Rb7 13. f4 f5 14. Ne2 e5 15. exf5 Bxf5 16. b3 Re8 17. Ng3 e4 18. Rbe1 exd3 19. Nxf5 gxf5 20. Qxd3 Rbe7 21. Bf2 Re4 22. g3 Qa5 23. Nf3 d5 24. Nd2 Nd6 25. Nxe4 fxe4 26. Qd1 d4 27. g4 Qc3 28. Kg2 c4 29. bxc4 Nxc4 30. f5 Nd2 31. Bg3 Nxf1 32. Rxf1 d3 33. g5 dxc2 34. Qd7 Rf8 35. f6 Rf7 36. Qe8+ Bf8 37. Bf4 Qc4 38. h4 Qe2+ 39. Kg1 Qg4+ 40. Kh2 Qxh4+ 41. Kg2 Qg4+ 42. Bg3 Qe2+ 43. Bf2 Qxf1+ 44. Kxf1 c1Q+ 45. Ke2 Qxg5 46. Qxc6 Qxf6 47. Qxf6 Rxf6 0-1

[Event "Arandjelovac op 2nd"]
[Site "Arandjelovac"]
[Date "2023.08.02"]
[Round "4"]
[White "Pattnayak, Nilsu"]
[Black "Baghdasaryan, Vahe"]
[Result "1-0"]
[WhiteElo "2020"]
[BlackElo "2257"]
[PlyCount "65"]
[EventDate "2023.07.31"]
[EventType "swiss"]
[EventRounds "9"]
[EventCountry "SRB"]
[SourceTitle "CBM 215 Extra"]
[Source "ChessBase"]
[SourceDate "2023.09.30"]
[SourceVersion "1"]
[SourceVersionDate "2023.09.30"]
[SourceQuality "1"]

1. e4 c5 2. Nf3 Nc6 3. Bb5 d6 4. 0-0 Bd7 5. Re1 Nf6 6. c3 a6 7. Bf1 Bg4 8. d4 cxd4 9. cxd4 Bxf3 10. gxf3 d5 11. e5 Nh5 12. f4 g6 13. f5 Ng7 14. f6 Nf5 15. Nc3 e6 16. Be3 Qb6 17. Na4 Qa7 18. Bh3 Bb4 19. Rf1 Nxe3 20. fxe3 Nxe5 21. dxe5 Qxe3+ 22. Kg2 b5 23. a3 Ba5 24. b4 Bc7 25. Qc2 0-0 26. Nc5 Bxe5 27. Rae1 Qg5+ 28. Kh1 Rfd8 29. Bxe6 Ra7 30. Qf2 Bc3 31. Ne4 dxe4 32. Qxa7 Rf8 33. Rxe4 1-0

[Event "IND-ch 59th"]
[Site "New Delhi"]
[Date "2022.12.28"]
[Round "7"]
[White "Soham, Kamotra"]
[Black "Pattnayak, Nilsu"]
[Result "1/2-1/2"]
[WhiteElo "2329"]
[BlackElo "1956"]
[PlyCount "48"]
[EventDate "2022.12.22"]
[EventType "swiss"]
[EventRounds "13"]
[EventCountry "IND"]
[SourceTitle "CBM 211 Extra"]
[Source "ChessBase"]
[SourceDate "2023.01.31"]
[SourceVersion "1"]
[SourceVersionDate "2023.01.31"]
[SourceQuality "1"]

1. c4 Nf6 2. Nc3 e6 3. e4 d5 4. e5 Nfd7 5. d4 dxc4 6. Bxc4 Nb6 7. Bd3 Nc6 8. Nf3 Nb4 9. Bb1 Bd7 10. 0-0 Bc6 11. a3 N4d5 12. Ne4 Qd7 13. Nc5 Bxc5 14. dxc5 Na4 15. Qc2 Qe7 16. Nd4 Qxc5 17. Qxc5 Nxc5 18. Nxc6 bxc6 19. Bc2 a5 20. f4 Nd7 21. Bd2 Nc5 22. Bc1 Nd7 23. Bd2 Nc5 24. Bc1 Nd7 1/2-1/2

[Event "IND-ch 59th"]
[Site "New Delhi"]
[Date "2022.12.27"]
[Round "6"]
[White "Pattnayak, Nilsu"]
[Black "Praveen Kumar, Chandrasekar"]
[Result "1/2-1/2"]
[WhiteElo "1956"]
[BlackElo "2212"]
[PlyCount "88"]
[EventDate "2022.12.22"]
[EventType "swiss"]
[EventRounds "13"]
[EventCountry "IND"]
[SourceTitle "CBM 211 Extra"]
[Source "ChessBase"]
[SourceDate "2023.01.31"]
[SourceVersion "1"]
[SourceVersionDate "2023.01.31"]
[SourceQuality "1"]

1. e4 c5 2. Nf3 d6 3. Bb5+ Nd7 4. 0-0 a6 5. Bd3 g6 6. c3 Bg7 7. Bc2 e5 8. d4 Ne7 9. dxe5 dxe5 10. Qd6 Qb6 11. Qxb6 Nxb6 12. Be3 Nd7 13. Nbd2 f5 14. Nc4 f4 15. Nd6+ Kf8 16. Bd2 Nc6 17. g3 Ke7 18. Nxc8+ Raxc8 19. gxf4 Rcf8 20. Nxe5 Ndxe5 21. fxe5 Nxe5 22. f4 Nc4 23. Rad1 Nxd2 24. Rxd2 Bh6 25. Rfd1 Rd8 26. Rxd8 Rxd8 27. Rxd8 Kxd8 28. f5 gxf5 29. exf5 c4 30. Be4 b5 31. b4 Bg7 32. Bb7 Kc7 33. Bxa6 Kb6 34. Bc8 Bxc3 35. Kf1 Bxb4 36. Ke2 Bc3 37. Kd1 Bf6 38. Be6 Kc5 39. Bg8 h6 40. Kc2 Kd4 41. h3 b4 42. Bf7 Bg5 43. f6 Bxf6 44. Be6 Ke5 1/2-1/2

[Event "IND-ch 59th"]
[Site "New Delhi"]
[Date "2022.12.26"]
[Round "5"]
[White "Avinash, Ramesh"]
[Black "Pattnayak, Nilsu"]
[Result "1/2-1/2"]
[WhiteElo "2327"]
[BlackElo "1956"]
[PlyCount "180"]
[EventDate "2022.12.22"]
[EventType "swiss"]
[EventRounds "13"]
[EventCountry "IND"]
[SourceTitle "CBM 211 Extra"]
[Source "ChessBase"]
[SourceDate "2023.01.31"]
[SourceVersion "1"]
[SourceVersionDate "2023.01.31"]
[SourceQuality "1"]

1. d4 Nf6 2. Nf3 e6 3. Bf4 d5 4. e3 Bd6 5. Ne5 0-0 6. Nd2 c5 7. c3 b6 8. h4 Ne4 9. Nxe4 dxe4 10. dxc5 Bxc5 11. Nc4 Qxd1+ 12. Rxd1 Ba6 13. Bd6 Bxd6 14. Nxd6 f5 15. Nb5 Rc8 16. h5 h6 17. Rd6 Kf7 18. Nd4 Re8 19. g4 Bxf1 20. Kxf1 fxg4 21. Rg1 Na6 22. Rxg4 Rad8 23. Rf4+ Kg8 24. Rxd8 Rxd8 25. Rxe4 Nc5 26. Nxe6 Nxe6 27. Rxe6 Rd2 28. Re7 a5 29. b3 Rxa2 30. Rb7 Rc2 31. Rxb6 Rxc3 32. Rb5 Rc1+ 33. Kg2 Ra1 34. Kg3 a4 35. bxa4 Rxa4 36. f3 Kf7 37. e4 Ra1 38. Kf4 Rg1 39. Rb7+ Kf6 40. Rd7 Rg5 41. Rd6+ Ke7 42. Rd5 Rg1 43. Ra5 Kf6 44. Rf5+ Ke6 45. Ke3 Rg2 46. Rc5 Kf6 47. f4 Rg4 48. Kf3 Rg1 49. Rc6+ Kf7 50. Ra6 Rh1 51. Ra7+ Kf8 52. Kg4 Rh2 53. e5 Rb2 54. Kf5 Rb6 55. e6 Rc6 56. Ke5 Rc1 57. Kf5 Re1 58. Rb7 Re2 59. Rb6 Rg2 60. Rb8+ Ke7 61. Ra8 Rg1 62. Ra7+ Kf8 63. Rf7+ Ke8 64. Ke5 Re1+ 65. Kd5 Rd1+ 66. Kc4 Rc1+ 67. Kd3 Rg1 68. Ke2 Rg3 69. Kf2 Rg4 70. Kf3 Rg1 71. f5 Rf1+ 72. Kg2 Rf4 73. Kg3 Rf1 74. Kg4 Rf2 75. Ra7 Rf1 76. Rb7 Rf2 77. Rb3 Ke7 78. Rf3 Rh2 79. Re3 Rf2 80. Re1 Rh2 81. Re3 Rf2 82. Rf3 Rh2 83. Rf1 Kf6 84. Re1 Ke7 85. Rd1 Rf2 86. Ra1 Ke8 87. Ra3 Ke7 88. Ra7+ Kf8 89. Ra3 Ke7 90. Rf3 Rh2 1/2-1/2

[Event "Bhubaneswar op-A 13th"]
[Site "Bhubaneswar"]
[Date "2022.05.29"]
[Round "10"]
[White "Fedorov, Alexei"]
[Black "Pattnayak, Nilsu"]
[Result "1-0"]
[WhiteElo "2529"]
[BlackElo "1992"]
[PlyCount "101"]
[EventDate "2022.05.22"]
[EventType "swiss"]
[EventRounds "10"]
[EventCountry "IND"]
[SourceTitle "CBM 208 Extra"]
[Source "ChessBase"]
[SourceDate "2022.07.31"]
[SourceVersion "1"]
[SourceVersionDate "2022.07.31"]
[SourceQuality "1"]

1. e4 e5 2. Nf3 Nf6 3. d3 Nc6 4. Be2 d5 5. Nbd2 dxe4 6. dxe4 Bc5 7. c3 a5 8. Qc2 0-0 9. 0-0 Qe7 10. Nc4 h6 11. a4 Rd8 12. h3 b6 13. Ne3 Bxe3 14. Bxe3 Bb7 15. Rfd1 Rxd1+ 16. Rxd1 Rd8 17. Nd2 Nb8 18. f3 Nh5 19. Nc4 Rxd1+ 20. Qxd1 Nc6 21. Bf2 Nf4 22. Bf1 Qg5 23. Kh2 Ba6 24. g3 Ne6 25. Qd7 Qc1 26. Kg2 Ncd8 27. Qd5 Bxc4 28. Bxc4 Qxb2 29. Qxe5 Qc2 30. Qb5 Qxc3 31. Qe8+ Nf8 32. Bd5 Nde6 33. f4 Qf6 34. f5 Qd8 35. Qc6 Ng5 36. g4 Qd7 37. Bg3 Qxc6 38. Bxc6 f6 39. Bxc7 Kf7 40. h4 Ngh7 41. Bxb6 Ke7 42. Bxa5 Kd6 43. Bb5 Nd7 44. Bxd7 Kxd7 45. Bb4 Kc6 46. Kf3 Kb6 47. Ke3 Kb7 48. Kd4 Kc6 49. Kc4 Kc7 50. Kd5 Kd7 51. Bd6 1-0